Tvorba životního slohu stati o architektuře a užitkove tvorbě

Salvato in:
Dettagli Bibliografici
Autore principale: Honzík, Karel
Natura: Libro
Lingua:ceco
Pubblicazione: Praha Horizont 1976
Tags: Aggiungi Tag
Nessun Tag, puoi essere il primo ad aggiungerne!!

MARC

LEADER 00000nam a2200000 4500
001 c132468
005 20041019155255.3
041 0 |a cze 
044 |a CZ 
245 1 0 |a Tvorba životního slohu  |b stati o architektuře a užitkove tvorbě  |c Karel Honzík 
264 1 |a Praha  |b Horizont  |c 1976 
300 |a 353 s. 
100 1 |a Honzík, Karel